000 00599nam a2200193 a 4500
001 000010819
005 20240412074221.0
008 091012s1985 dr a r 001 p spa d
040 _aDO-SdBNP
_bspa
_cBNPHU
082 _aRD861.44
_bS211d
100 1 _aSánchez, Carmen
_926137
245 1 0 _aDescalza entre piedras :
_bpoesías /
_cCarmen Sánchez.
260 _aSanto Domingo :
_bGente,
_c1985.
300 _a66 p. :
_bil. ;
_c21 cm.
590 _aInventariado, 2018/BT
650 0 _aPoesía dominicana
_966
650 0 _aLiteratura dominicana.
_967
910 _aValidado. Control de calidad. MMOLINA
999 _c10568
_d10568